书目信息 |
| 题名: |
平面解析几何
|
|
| 作者: | 吴家钦 , 奚定华 编 | |
| 分册: | ||
| 出版信息: | 上海 上海科学技术出版社 1982 |
|
| 页数: | 454页 | |
| 开本: | 19cm | |
| 丛书名: | 数理化自学丛书 | |
| 单 册: | ||
| 中图分类: | O182.1 | |
| 科图分类: | ||
| 主题词: | 平面几何:解析几何 , 解析几何:平面几何 | |
| 电子资源: | ||
| ISBN: | ||
| 000 | 00746nam2 2200277 45 | |
| 001 | 0182000897 | |
| 005 | 20060813085038.00 | |
| 010 | @dCNY1.00 | |
| 091 | @aCN@b13119.669 | |
| 100 | @a19950306d1982 em y0chiy0121 ea | |
| 101 | 0 | @achi |
| 102 | @aCN@b310000 | |
| 105 | @ay z 000yy | |
| 200 | 10 | @a平面解析几何@Aping mian jie xi ji he@f吴家钦, 奚定华编 |
| 210 | @a上海@c上海科学技术出版社@d1982 | |
| 215 | @a454页@d19cm | |
| 225 | 2 | @a数理化自学丛书 |
| 410 | 0 | @120010@a数理化自学丛书 |
| 606 | @a平面几何:解析几何 | |
| 606 | @a解析几何:平面几何 | |
| 690 | @aO182.1@v3 | |
| 701 | 0 | @a吴家钦@Awu jia qin@4编 |
| 701 | 0 | @a奚定华@Axi ding hua@4编 |
| 801 | 2 | @aCN@bNLC@c20060813 |
| 801 | 0 | @aCN@bTSSF |
| 905 | @a10447@dO182.1@e46=2 | |
| 平面解析几何/吴家钦, 奚定华编.-上海:上海科学技术出版社,1982 |
| 454页;19cm.-(数理化自学丛书) |
| ISBN :CNY1.00 |
| ● |
| 相关链接 |
|
|
|
|
正题名:平面解析几何
索取号:O182.1/46=2
 
预约/预借
| 序号 | 登录号 | 条形码 | 馆藏地/架位号 | 状态 | 备注 |
| 1 | 0455020 | 204550208 | 密集书库/ [索取号:O182.1/46=2] | 在馆 | |
| 2 | 0455021 | 204550217 | 密集书库/ [索取号:O182.1/46=2] | 在馆 | |
| 3 | 0455022 | 204550226 | 密集书库/ [索取号:O182.1/46=2] | 在馆 |